| 000 | 00952nas a22002297a 4500 | ||
|---|---|---|---|
| 001 | K121201 | ||
| 007 | ta | ||
| 008 | 200210b2020 ||||| |||| 00| 0 eng d | ||
| 041 | _aeng | ||
| 100 | _aBakar Ali, Sharifah | ||
| 245 | _aDo no harm | ||
| 490 |
_aRICS Property Journal _vJanuary/February 2020, 24-26(3) |
||
| 520 | _a Explains the principles behind Shariah-compliant real estate transactions based on the Quran, these being Maslaha (fairness) prohibition of Riba (interest) avoidance of Gharar (uncertainties) and abstention from Haram (unlawful activities) in investments or business. Flow chart illustrates how a Shariah transaction works. | ||
| 650 | _aShariah | ||
| 650 | _aMaslaha | ||
| 650 | _aRiba | ||
| 650 | _aGharar | ||
| 650 | _aHaram | ||
| 651 | _aInternational | ||
| 690 |
_96241 _aFinance & taxation |
||
| 856 |
_uhttps://issuu.com/ricsmodus/docs/property_journal_january-february_2020/12 _yAvailable free online via Issuu |
||
| 999 |
_c121201 _d121201 |
||